Statistiques concernant Culture Générale - Série 644

Cliquez ici pour prendre le quiz!

Statistiques générales

  • Ce quiz a été pris 118 fois
  • Le résultat moyen est 6 sur 10

Statistiques - réponses

QuestionRéponse% Correct
Comment se prénomme le petit garçon "Sans famille", héros d'un roman d'Hector Malot ?Rémi
89%
Quel pilote allemand de formule 1 a été sacré 7 fois champion du monde des conducteurs ?Michael Schumacher
84%
Comment appelle-t-on le petit de l'autruche ?autruchon
79%
En 1991, l'interprète de la chanson "Suzette" se nomme Dany...Brillant
78%
Dans les aventures d'Astérix, comment s'appelle le barde qui se dit lui-même génial ?Assurancetourix
76%
Que collectionne un pipophile ?pipes
76%
Dans quel pays le grand-duc Henri est-il monté sur le trône en 2000 ?Luxembourg
62%
Comment se prénommait l'épouse de l'empereur Napoléon III ?Eugénie
39%
Quel théâtre, ordonné par Louis XIV, est aussi appelé la "Maison de Molière" ?Comédie-Française
32%
Dans le film d'Alain Chabat : "Astérix et Obélix : mission Cléopâtre", qui incarne le personnage de Panoramix ?Claude Rich
25%

Distribution des résultats

Percentile par nombre de réponses

% des personnes avec chaque résultat

Votre développement - résultats

Vous n’avez pas pris ce quiz